[Event "BL2-Ost 0102"]
[Site "Germany"]
[Date "2002.03.17"]
[Round "7.3"]
[White "Dutschak, Hauke"]
[Black "Cech, Pavel"]
[Result "1-0"]
[WhiteElo "2326"]
[BlackElo "2337"]
[PlyCount "143"]
[EventDate "2001.10.07"]
[Source "ChessBase"]
[SourceDate "2002.07.08"]

1. d3 d5 2. Nd2 c5 3. e4 e6 4. g3 Nc6 5. Bg2 Nge7 6. f4 g6 7. Ngf3 Bg7 8. c3 b6 9. Qe2 a5 10. e5 a4 11. O-O O-O 12. Ng5 a3 13. b3 b5 14. Ndf3 h6 15. Nh3 b4 16. c4 Nf5 17. Qf2 Qb6 18. g4 Nfe7 19. Be3 d4 20. Bd2 Bb7 21. Qh4 Qd8 22. f5 Nxf5 23. gxf5 Qxh4 24. Nxh4 exf5 25. e6 Bf6 26. exf7+ Kxf7 27. Bd5+ Kg7 28. Ng2 Rae8 29. Nhf4 Nd8 30. Rae1 Bc8 31. Bf3 Be5 32. Nd5 g5 33. Bh5 Re6 34. h4 Bg3 35. Rxe6 Nxe6 36. Ne7 f4 37. Bg4 Kf6 38. Nxc8 Rxc8 39. Be1 Bxe1 40. Rxe1 Rc6 41. Kf2 Nf8 42. Re4 Ng6 43. Bf3 Rc8 44. Ke2 Ne5 45. Bh5 Kf5 46. Ne1 g4 47. Rxe5+ Kxe5 48. Bxg4 Rg8 49. Kf3 Rg7 50. h5 Re7 51. Ng2 Re8 52. Nh4 Kf6 53. Ng2 Kg5 54. Bd7 Re7 55. Bg4 Re5 56. Bd7 Kxh5 57. Kxf4 Re7 58. Bf5 Rf7 59. Ne1 Rg7 60. Nf3 Rg2 61. Be6 Rg7 62. Bf5 Rg2 63. Be6 Rg7 64. Ne5 Kh4 65. Bg4 Rxg4+ 66. Nxg4 Kh3 67. Kf3 h5 68. Nf6 h4 69. Ne4 Kh2 70. Kf2 Kh1 71. Nxc5 h3 72. Ne4 1-0

[Event "WchT U26"]
[Site "Maringa"]
[Date "1991.??.??"]
[Round "?"]
[White "David, Alberto"]
[Black "Lindstedt, Johan"]
[Result "1-0"]
[WhiteElo "2315"]
[BlackElo "2345"]
[PlyCount "57"]
[EventDate "1991.??.??"]
[Source "www.chesslib.no"]
[SourceDate "2004.05.04"]

1. d3 g6 2. g3 Bg7 3. Bg2 d6 4. e4 e5 5. c3 Ne7 6. Ne2 O-O 7. O-O Be6 8. d4 Qd7 9. Be3 Bh3 10. Qb3 Bxg2 11. Kxg2 Nbc6 12. dxe5 Nxe5 13. h3 Qc6 14. Nd2 d5 15. Nd4 Qd7 16. Rad1 c5 17. N4f3 c4 18. Nxe5 Bxe5 19. Nxc4 Bg7 20. exd5 Nxd5 21. Kh2 Qe6 22. Bd4 Bxd4 23. Rxd4 b6 24. Qd1 Nf6 25. Re1 Qf5 26. Rf4 Qc5 27. Nd6 Nd5 28. Ne4 Qc6 29. Qxd5 1-0

[Event "XXIV ECC"]
[Site "Kallithea GRE"]
[Date "2008.10.19"]
[Round "3"]
[White "Jansen, C."]
[Black "Arngrimsson, D."]
[Result "1/2-1/2"]
[WhiteElo "2263"]
[BlackElo "2392"]
[PlyCount "86"]
[EventDate "2008.10.17"]
[Source "www.chesslib.no"]
[SourceDate "2004.05.04"]

1. d3 d5 2. g3 Nf6 3. Bg2 e5 4. e4 dxe4 5. dxe4 Qxd1+ 6. Kxd1 Nc6 7. f3 Be6 8. Be3 Be7 9. Nd2 Rd8 10. c3 Bc4 11. Nh3 O-O 12. Nf2 Be6 13. Bh3 Bxh3 14. Nxh3 Rd3 15. Ke2 Rfd8 16. Rhd1 a5 17. Nf2 R3d7 18. a4 Ne8 19. Nc4 Nd6 20. Nxd6 Rxd6 21. Rxd6 Bxd6 22. Nd3 b6 23. Rd1 f6 24. b3 Kf7 25. Nb2 Ke6 26. Nc4 Be7 27. Rd3 Rf8 28. Rd5 Rd8 29. f4 Rxd5 30. f5+ Kd7 31. exd5 Nb8 32. Nd2 Kd6 33. c4 Na6 34. Ne4+ Kd7 35. g4 Bc5 36. Bc1 Be7 37. h4 Bc5 38. Kf3 h6 39. g5 hxg5 40. hxg5 Ke7 41. g6 Kd7 42. Kg4 Ke7 43. Bd2 Kd7 1/2-1/2

[Event "Pardubice"]
[Site "?"]
[Date "2006.07.25"]
[Round "5.132"]
[White "Jansen Christof"]
[Black "Pryyomov Sergiy"]
[Result "1-0"]
[WhiteElo "2250"]
[BlackElo "2401"]
[PlyCount "90"]
[EventDate "2006.??.??"]
[Source "www.chesslib.no"]
[SourceDate "2004.05.04"]

1. d3 c5 2. g3 e6 3. e4 b6 4. Bg2 Bb7 5. c4 d6 6. Nc3 a6 7. f4 Nd7 8. Nf3 Qc7 9. O-O Ngf6 10. Qe2 Be7 11. h3 h6 12. a3 g6 13. g4 O-O-O 14. d4 Nb8 15. d5 exd5 16. exd5 Rde8 17. Qd3 Nbd7 18. a4 Bd8 19. Bd2 Re7 20. Rfe1 Rhe8 21. Rxe7 Rxe7 22. f5 g5 23. Be1 Ne5 24. Nxe5 Rxe5 25. Bg3 Re8 26. Bf3 Kb8 27. Rb1 Ka8 28. Kf1 Qe7 29. Re1 Qd7 30. Bd1 Kb8 31. Rxe8 Nxe8 32. a5 Nf6 33. axb6 Bxb6 34. Ne4 Nxe4 35. Qxe4 Bd8 36. Qe3 Kc8 37. Qc3 f6 38. Qe3 Qe7 39. Qe6+ Qxe6 40. fxe6 Be7 41. Ba4 Kc7 42. Be1 Bf8 43. Ba5+ Kc8 44. Bd7+ Kb8 45. Bd8 Bg7 1-0

[Event "Marostica Open"]
[Site "Marostica"]
[Date "1993.??.??"]
[Round "6"]
[White "Jurkovic, Hrvoje"]
[Black "Laketic, Gojko"]
[Result "1-0"]
[WhiteElo "2240"]
[BlackElo "2410"]
[PlyCount "77"]
[EventDate "1993.??.??"]
[Source "www.chesslib.no"]
[SourceDate "2004.05.04"]

1. d3 d5 2. f4 Nf6 3. Nf3 b6 4. g3 Bb7 5. Bg2 e6 6. c3 Nbd7 7. O-O Be7 8. Qe1 O-O 9. h3 c5 10. g4 b5 11. Na3 Qb6 12. Nc2 a5 13. Ne5 Nxe5 14. fxe5 Nd7 15. Bf4 Rac8 16. Qg3 Rc7 17. g5 d4 18. Bxb7 Qxb7 19. cxd4 cxd4 20. Nxd4 Bc5 21. e3 Bxd4 22. exd4 Nb6 23. h4 Nd5 24. Qf3 Qa7 25. Be3 Rc2 26. Rf2 Nb4 27. Raf1 Qe7 28. h5 Rxf2 29. Rxf2 Nxd3 30. Rf1 Qd8 31. h6 Nb4 32. hxg7 Kxg7 33. Rf2 Nd5 34. Qh5 Nxe3 35. Qh6+ Kg8 36. Rh2 Re8 37. g6 fxg6 38. Qxh7+ Kf8 39. Qh8+ 1-0

[Event "EU-ch Railways USIC"]
[Site "?"]
[Date "2000.06.20"]
[Round "1.2"]
[White "Natri Antero"]
[Black "Kron Valentin"]
[Result "0-1"]
[WhiteElo "2206"]
[BlackElo "2442"]
[PlyCount "80"]
[EventDate "2000.??.??"]
[Source "www.chesslib.no"]
[SourceDate "2004.05.04"]

1. d3 c5 2. g3 Nc6 3. Bg2 g6 4. f4 Bg7 5. Nf3 d6 6. O-O f5 7. e4 Nf6 8. Nc3 O-O 9. h3 Kh8 10. Be3 Be6 11. Kh2 Qd7 12. Re1 Bg8 13. Qd2 Rae8 14. e5 Nd5 15. d4 cxd4 16. Nxd4 Nxe3 17. Qxe3 dxe5 18. Nxc6 bxc6 19. fxe5 Rb8 20. Rad1 Qc7 21. b3 Rfd8 22. Ne2 Rxd1 23. Rxd1 Rb5 24. Nd4 Rxe5 25. Qf4 Qd6 26. c4 c5 27. Nc6 Qxd1 28. Nxe5 Qd6 29. Nf3 e5 30. Qh4 e4 31. Ng5 h6 32. Nxe4 fxe4 33. Qxe4 Be5 34. Qg4 Kg7 35. h4 h5 36. Qf3 Bf7 37. Qe3 Qd4 38. Qxd4 Bxd4 39. Be4 Kf6 40. Kg2 Be6 0-1

[Event "XXIV ECC"]
[Site "Kallithea GRE"]
[Date "2008.10.20"]
[Round "4"]
[White "Jansen, C."]
[Black "Jens, J."]
[Result "1/2-1/2"]
[WhiteElo "2263"]
[BlackElo "2379"]
[PlyCount "61"]
[EventDate "2008.10.17"]
[Source "www.chesslib.no"]
[SourceDate "2004.05.04"]

1. d3 c5 2. g3 Nc6 3. Bg2 g6 4. e4 Bg7 5. c3 e5 6. Ne2 Nge7 7. Be3 d6 8. O-O O-O 9. Nd2 b6 10. c4 f5 11. exf5 gxf5 12. Bg5 Bb7 13. Nc3 Qd7 14. Nd5 Ng6 15. Qh5 Nd4 16. Nf3 Bxd5 17. cxd5 Nc2 18. Rad1 Nb4 19. a3 Nxd5 20. Nh4 Qe6 21. Nxg6 hxg6 22. Bxd5 Qxd5 23. Qxg6 Rae8 24. Qh5 Qe6 25. Qe2 Qg6 26. Bc1 f4 27. Qe4 Qe6 28. f3 fxg3 29. hxg3 Qh3 30. Rd2 Re6 31. g4 1/2-1/2

[Event "Budapest HUN"]
[Site "?"]
[Date "1998.??.??"]
[Round "3"]
[White "Francsics Endre"]
[Black "Szabolcsi Janos"]
[Result "0-1"]
[WhiteElo "2245"]
[BlackElo "2390"]
[PlyCount "132"]
[EventDate "1998.??.??"]
[Source "www.chesslib.no"]
[SourceDate "2004.05.04"]

1. d3 d5 2. c3 e5 3. g3 c6 4. Bg2 f5 5. d4 e4 6. h4 Nf6 7. Bg5 Be7 8. Nh3 Be6 9. Nd2 Ng4 10. Bxe7 Qxe7 11. e3 Na6 12. b4 Nc7 13. Nb3 Nb5 14. Qc1 Nd6 15. a4 Nc4 16. a5 Qc7 17. Nf4 Bf7 18. Nc5 Ke7 19. Bf1 Nd6 20. Be2 Nf6 21. Qb2 g6 22. b5 cxb5 23. a6 b6 24. Nb7 Nfe8 25. O-O Nxb7 26. axb7 Qxb7 27. Bxb5 Nd6 28. Ba6 Qc6 29. c4 Nxc4 30. Rfc1 Qd6 31. Qb5 Rab8 32. Qa4 Na5 33. Qc2 Rhd8 34. Bb5 Be8 35. Qc7+ Qxc7 36. Rxc7+ Kd6 37. Rxa7 Bxb5 38. Rxh7 Be8 39. g4 fxg4 40. Kh2 Nc4 41. h5 gxh5 42. Rh6+ Ke7 43. Ra7+ Rd7 44. Rh7+ Kf6 45. Rhxd7 Bxd7 46. Rxd7 h4 47. Rh7 g3+ 48. Kg2 gxf2 49. Kxf2 b5 50. Nxd5+ Kg5 51. Rg7+ Kf5 52. Rh7 b4 53. Rxh4 b3 54. Nc3 Nd6 55. Ke2 b2 56. Rh1 Nc4 57. Nb1 Rb3 58. Rh5+ Kg4 59. Rc5 Rxe3+ 60. Kd1 Na3 61. Nxa3 Rxa3 62. Kc2 Rb3 63. Kb1 e3 64. Re5 Kf3 65. d5 e2 66. d6 Re3 0-1

[Event "POR Team Ch"]
[Site "Portugal"]
[Date "1993.??.??"]
[Round "6"]
[White "Leonardo, Joao"]
[Black "Galego, Luis"]
[Result "0-1"]
[WhiteElo "2245"]
[BlackElo "2390"]
[PlyCount "66"]
[EventDate "1993.??.??"]
[Source "www.chesslib.no"]
[SourceDate "2004.05.04"]

1. d3 e5 2. g3 g6 3. Bg2 Bg7 4. c4 Ne7 5. Nc3 O-O 6. e3 c6 7. Nge2 d6 8. O-O Be6 9. b3 d5 10. cxd5 Nxd5 11. Bb2 Nb6 12. d4 Bg4 13. dxe5 Bxe5 14. Qc2 Na6 15. Qe4 Bxe2 16. Qxe5 Re8 17. Qf4 Bxf1 18. Bxf1 Nc5 19. Qh6 f6 20. b4 Ncd7 21. Rd1 Qe7 22. Rd4 Ne5 23. Be2 Rad8 24. Rxd8 Rxd8 25. Ne4 Nd5 26. a3 Ng4 27. Nxf6+ Ngxf6 28. Bc4 Rf8 29. f3 Rf7 30. Bd4 b6 31. e4 Nxe4 32. fxe4 Qxe4 33. Qd2 c5 0-1

[Event "Capo d'Orso Open 2008"]
[Site "Porto Mannu ITA"]
[Date "2008.05.18"]
[Round "2.11"]
[White "Ibba, Isacco"]
[Black "Kekki, Petri"]
[Result "1/2-1/2"]
[WhiteElo "2222"]
[BlackElo "2411"]
[PlyCount "65"]
[EventDate "2008.05.17"]
[Source "www.chesslib.no"]
[SourceDate "2004.05.04"]

1. d3 d5 2. f4 Nc6 3. Nf3 Bg4 4. g3 Bxf3 5. exf3 e6 6. Bh3 Qf6 7. c3 Bd6 8. d4 Nge7 9. Nd2 Bxf4 10. O-O Be3+ 11. Kh1 Qh6 12. Kg2 g5 13. Qe2 Bxd2 14. Bxd2 O-O-O 15. f4 g4 16. Bxg4 f5 17. Bf3 Rd6 18. b4 Ng8 19. a4 Nf6 20. a5 Ne4 21. b5 Nd8 22. Bxe4 dxe4 23. c4 Rg8 24. Be3 Qg7 25. c5 Rd5 26. Rfc1 Kb8 27. Qc4 Qg4 28. Rf1 h5 29. a6 h4 30. axb7 Nxb7 31. Qa2 Kc8 32. Qxa7 hxg3 33. Ra2 1/2-1/2

[Event "Cseppko op-A 11th"]
[Site "?"]
[Date "2001.07.17"]
[Round "2"]
[White "Francsics Endre"]
[Black "Dovzik Juri"]
[Result "0-1"]
[WhiteElo "2243"]
[BlackElo "2389"]
[PlyCount "112"]
[EventDate "2001.??.??"]
[Source "www.chesslib.no"]
[SourceDate "2004.05.04"]

1. d3 d5 2. g3 e5 3. Nf3 Bd6 4. e4 Nf6 5. Nc3 c6 6. Bg2 O-O 7. O-O dxe4 8. dxe4 Na6 9. Qe2 Qe7 10. Nh4 Nc7 11. Nd1 g6 12. Ne3 Bc5 13. c3 a5 14. Kh1 Re8 15. f3 Ne6 16. Ng4 Nxg4 17. fxg4 b6 18. Nf5 gxf5 19. gxf5 Nf8 20. f6 Qd7 21. Rf5 Ng6 22. Bh6 Rd8 23. Qh5 Qd3 24. Raf1 Bxf5 25. exf5 Ra7 26. fxg6 fxg6 27. Qxe5 Rf7 28. Qe6 Qd6 29. Qb3 Qd7 30. a4 Bf8 31. Bf4 Bc5 32. g4 Qxg4 33. Bxc6 Qf5 34. Bg2 Qd7 35. c4 Qd3 36. Qxd3 Rxd3 37. Bg5 Bd4 38. Bd5 Bxb2 39. Re1 Rxd5 40. cxd5 Bxf6 41. Re8+ Kg7 42. Be3 Rd7 43. Rb8 Rxd5 44. Rb7+ Kg8 45. Rxb6 Bd4 46. Rb8+ Kf7 47. Bf4 g5 48. Bc7 Be5 49. Bxe5 Rxe5 50. Rb7+ Kg6 51. Rb5 Kf5 52. Rb7 h5 53. Kg2 Kf4 54. Rf7+ Kg4 55. h3+ Kh4 56. Rc7 Re4 0-1

[Event "Balaguer (Spain)"]
[Site "?"]
[Date "2005.07.19"]
[Round "2"]
[White "Fandino Roquelina"]
[Black "Mamedov Nidjat"]
[Result "0-1"]
[WhiteElo "2163"]
[BlackElo "2463"]
[PlyCount "80"]
[EventDate "2005.??.??"]
[Source "www.chesslib.no"]
[SourceDate "2004.05.04"]

1. d3 g6 2. a3 Bg7 3. Nf3 e5 4. e4 Ne7 5. Be2 d5 6. O-O O-O 7. Nbd2 a5 8. Re1 c5 9. Bf1 Nbc6 10. h3 a4 11. exd5 Nxd5 12. Nc4 f6 13. Bd2 Be6 14. Qc1 b5 15. Ne3 Nde7 16. Ng4 Qd7 17. Ngh2 Nf5 18. Ng4 Bh8 19. Nfh2 g5 20. Be2 Rac8 21. Ne3 Nfd4 22. Bh5 b4 23. Nc4 Bxc4 24. dxc4 b3 25. Bd1 bxc2 26. Bxc2 Nxc2 27. Qxc2 Nd4 28. Qd3 Qb7 29. Bc3 Rcd8 30. Rad1 e4 31. Qb1 f5 32. Kh1 Rde8 33. Rd2 f4 34. Nf1 Qc6 35. Qd1 f3 36. g3 Qe6 37. Kh2 Rf6 38. g4 Rh6 39. Qxa4 Rxh3+ 40. Kxh3 Qh6+ 0-1

[Event "Budapest FS02 IM"]
[Site "Budapest"]
[Date "1998.02.17"]
[Round "11"]
[White "Dudas, Janos"]
[Black "Antal, Gergely"]
[Result "1-0"]
[WhiteElo "2405"]
[BlackElo "2220"]
[PlyCount "75"]
[EventDate "1998.02.07"]
[Source "ChessBase"]
[SourceDate "1998.03.09"]

1. d3 d5 2. g3 g6 3. Bg2 Bg7 4. Nd2 Nf6 5. c4 O-O 6. Ngf3 Nc6 7. O-O d4 8. a3 a5 9. b3 Bf5 10. Bb2 Qd7 11. Re1 h6 12. b4 axb4 13. axb4 Rxa1 14. Bxa1 Nxb4 15. Nxd4 Bh3 16. Bxh3 Qxh3 17. Qa4 c5 18. N4f3 b6 19. Bc3 Qd7 20. Qb3 b5 21. Bxb4 bxc4 22. Nxc4 Qb7 23. Rb1 Rb8 24. Nce5 Qd5 25. Qa4 Rxb4 26. Rxb4 cxb4 27. Qxb4 Qd6 28. Qc4 e6 29. h4 Nd7 30. Qc8+ Nf8 31. Nc4 Qd7 32. Qa6 Bf6 33. Ncd2 Qe7 34. Ne4 Nd7 35. h5 g5 36. Qa7 Ne5 37. Nxf6+ Qxf6 38. Qb8+ 1-0

[Event "Bratislava"]
[Site "?"]
[Date "1999.??.??"]
[Round "4"]
[White "Fraas Martin"]
[Black "Balogh Tomas"]
[Result "0-1"]
[WhiteElo "2190"]
[BlackElo "2435"]
[PlyCount "72"]
[EventDate "1999.??.??"]
[Source "www.chesslib.no"]
[SourceDate "2004.05.04"]

1. d3 d5 2. e4 c6 3. c3 dxe4 4. dxe4 Qxd1+ 5. Kxd1 e5 6. Kc2 Bc5 7. f3 a5 8. a4 h5 9. Na3 Nd7 10. b3 f6 11. Bb2 Nh6 12. Rd1 Nf7 13. Ne2 Kd8 14. Nc1 Kc7 15. Nd3 Be7 16. Bc1 Nc5 17. Nf2 b6 18. h4 Rb8 19. g3 Nd6 20. Nc4 Be6 21. Ba3 Nxc4 22. Bxc4 Bxc4 23. bxc4 Nxe4 24. Bxe7 Nxf2 25. Bd6+ Kb7 26. Bxb8 Kxb8 27. Rhe1 Nxd1 28. Kxd1 Kc7 29. Kc2 Re8 30. Kd3 f5 31. g4 hxg4 32. fxg4 g6 33. gxf5 gxf5 34. h5 Kd6 35. Rg1 e4+ 36. Ke2 Re6 0-1

[Event "BIH-ch team"]
[Site "?"]
[Date "1999.08.24"]
[Round "4"]
[White "Burovic Ismet"]
[Black "Jakupovic Neven"]
[Result "1-0"]
[WhiteElo "2361"]
[BlackElo "2263"]
[PlyCount "100"]
[EventDate "1999.??.??"]
[Source "www.chesslib.no"]
[SourceDate "2004.05.04"]

1. d3 d5 2. Nd2 c6 3. Ngf3 Nd7 4. e4 dxe4 5. dxe4 e5 6. c3 a5 7. Qc2 Be7 8. Be2 Ngf6 9. O-O O-O 10. Nc4 Qc7 11. a4 b6 12. Bg5 Bb7 13. Nh4 h6 14. Nf5 hxg5 15. Nxe7+ Kh8 16. Nf5 Nc5 17. Ng3 g6 18. Rad1 Rfd8 19. Qc1 Nh7 20. Rxd8+ Rxd8 21. Rd1 f6 22. Rxd8+ Qxd8 23. Qd1 Qxd1+ 24. Bxd1 Nd7 25. Nf1 Ba6 26. Nfe3 Bxc4 27. Nxc4 c5 28. Bg4 Nhf8 29. Kf1 Kg7 30. Nd6 Nb8 31. Ke2 Nfd7 32. Kd3 Kf8 33. Bxd7 Nxd7 34. Kc4 Ke7 35. Kd5 g4 36. Nc4 f5 37. exf5 gxf5 38. Nxe5 Nf6+ 39. Kc6 Ke6 40. Nc4 f4 41. f3 Nd5 42. fxg4 Ne3 43. Nd2 Nxg2 44. Kxb6 Ne3 45. Kxa5 Nxg4 46. h4 Ne5 47. Kb5 Nd7 48. a5 Kf6 49. a6 Nf8 50. a7 Ne6 1-0

[Event "Balaguer open"]
[Site "?"]
[Date "2003.07.17"]
[Round "3"]
[White "Munoz Pantoja Miguel"]
[Black "Pham Guerrero Sergi"]
[Result "0-1"]
[WhiteElo "2438"]
[BlackElo "2183"]
[PlyCount "100"]
[EventDate "2003.??.??"]
[Source "www.chesslib.no"]
[SourceDate "2004.05.04"]

1. d3 e5 2. a3 d5 3. b4 Nf6 4. Bb2 Bd6 5. c4 c5 6. cxd5 Nxd5 7. bxc5 Bxc5 8. Bxe5 O-O 9. e3 Nc6 10. Nf3 Nxe5 11. Nxe5 Bxe3 12. fxe3 Nxe3 13. Qc1 Qd4 14. Qc3 Qxc3+ 15. Nxc3 Nc2+ 16. Kd2 Nxa1 17. d4 Nb3+ 18. Ke3 Na5 19. Bd3 f6 20. Nc4 Re8+ 21. Ne4 Nxc4+ 22. Bxc4+ Be6 23. Bxe6+ Rxe6 24. d5 Re5 25. Kd4 Rd8 26. Nc3 Kf7 27. Rb1 Rd7 28. a4 b6 29. a5 bxa5 30. Rb5 Rh5 31. h3 Rg5 32. g4 h5 33. Ne4 Re5 34. Rxa5 hxg4 35. hxg4 Kg6 36. Rc5 Rde7 37. Nc3 Rg5 38. d6 Rd7 39. Rc6 Rxg4+ 40. Kd5 Kf7 41. Rc7 Ke8 42. Rc8+ Rd8 43. Rc7 a5 44. Ra7 Rg5+ 45. Kc6 Rc8+ 46. Rc7 Kd8 47. Kb7 Rc5 48. Nd5 Rb5+ 49. Nb6 Rxb6+ 50. Kxb6 Rxc7 0-1

[Event "Pardubice"]
[Site "?"]
[Date "2006.07.23"]
[Round "3"]
[White "Jansen Christof"]
[Black "Larino Nieto David"]
[Result "0-1"]
[WhiteElo "2250"]
[BlackElo "2371"]
[PlyCount "66"]
[EventDate "2006.??.??"]
[Source "www.chesslib.no"]
[SourceDate "2004.05.04"]

1. d3 g6 2. g3 Bg7 3. Bg2 Nc6 4. e4 e5 5. Ne2 d6 6. O-O h5 7. h3 Be6 8. Nd2 Qd7 9. Kh2 h4 10. g4 f5 11. exf5 gxf5 12. gxf5 Bxf5 13. Ne4 O-O-O 14. c4 Nf6 15. b4 Bxe4 16. dxe4 Nxb4 17. Rb1 Nc6 18. Qa4 Rdf8 19. Be3 b6 20. Qa6+ Kd8 21. Nc3 Bh6 22. Nd5 Nxd5 23. cxd5 Nd4 24. Qxa7 Rhg8 25. f4 Rxg2+ 26. Kxg2 Qg7+ 27. Kh1 Qg3 28. Bxd4 Qxh3+ 29. Kg1 Rg8+ 30. Kf2 Rg2+ 31. Ke1 exd4 32. Rb3 d3 33. Qa8+ Ke7 0-1

[Event "Budapest HUN"]
[Site "?"]
[Date "1996.??.??"]
[Round "11"]
[White "Francsics Endre"]
[Black "Edelman Daniel"]
[Result "0-1"]
[WhiteElo "2220"]
[BlackElo "2400"]
[PlyCount "82"]
[EventDate "1996.??.??"]
[Source "www.chesslib.no"]
[SourceDate "2004.05.04"]

1. d3 g6 2. e4 Bg7 3. g3 c5 4. Bg2 Nc6 5. Ne2 e6 6. O-O Nge7 7. c3 d5 8. Qc2 O-O 9. a4 b6 10. Na3 Bb7 11. f4 Rc8 12. g4 f5 13. gxf5 gxf5 14. e5 Ng6 15. Ng3 a6 16. Nh5 Rc7 17. Qf2 Kh8 18. a5 Nxa5 19. b4 Nb3 20. Rb1 Nxc1 21. Rfxc1 Rg8 22. bxc5 Rxc5 23. Nc4 dxc4 24. Bxb7 cxd3 25. Bxa6 Bxe5 26. fxe5 Nf4+ 27. Kf1 Nh3 28. Qe3 Rg1+ 29. Qxg1 Nxg1 30. Nf4 Nf3 31. Nxe6 Qg8 32. Kf2 Qxe6 33. Kxf3 Rxe5 34. Rb2 Qh6 35. Rg1 Re3+ 36. Kg2 Qc6+ 37. Kf1 Rf3+ 38. Kg2 f4 39. h3 Rg3+ 40. Kh2 Rxg1 41. Kxg1 Qxc3 0-1

[Event "Lisbon Masters"]
[Site "Lisbon"]
[Date "1996.??.??"]
[Round "6"]
[White "Leonardo, Joao"]
[Black "Santos, Jose P"]
[Result "1/2-1/2"]
[WhiteElo "2260"]
[BlackElo "2355"]
[PlyCount "70"]
[EventDate "1996.??.??"]
[Source "ChessBase"]

1. d3 g6 2. g3 Bg7 3. Bg2 c5 4. e4 Nc6 5. f4 e6 6. Nf3 Nge7 7. O-O d5 8. c3 dxe4 9. dxe4 Qxd1 10. Rxd1 b6 11. Na3 Ba6 12. Bf1 Bxf1 13. Kxf1 O-O 14. Be3 Rfd8 15. Ke2 Rxd1 16. Rxd1 Rd8 17. Rxd8+ Nxd8 18. Nc4 Nc8 19. a4 Nc6 20. Kd3 Kf8 21. a5 Ke8 22. axb6 axb6 23. e5 h5 24. Ng5 Bf8 25. Ne4 Kd7 26. Kc2 Be7 27. Bf2 Nb8 28. Ncd2 Nc6 29. Nf3 Nd8 30. h3 Kc6 31. Kd3 b5 32. b3 Nb6 33. c4 bxc4+ 34. bxc4 Nd7 35. Nfd2 Nb6 1/2-1/2

[Event "Arabian Ch"]
[Site "Dubai UAE"]
[Date "1995.??.??"]
[Round "?"]
[White "Al Hadarani, Hatim"]
[Black "Al Sulaiti, Ali"]
[Result "1-0"]
[WhiteElo "2370"]
[BlackElo "2240"]
[PlyCount "89"]
[EventDate "1995.??.??"]
[Source "www.chesslib.no"]
[SourceDate "2004.05.04"]

1. d3 Nf6 2. Bg5 e6 3. e4 h6 4. Bh4 Be7 5. f4 d5 6. e5 Nfd7 7. Bf2 c5 8. c3 Nc6 9. Nd2 Qc7 10. a3 b6 11. d4 Bb7 12. Ngf3 O-O-O 13. Bd3 g6 14. Qe2 Kb8 15. h4 Rdg8 16. Be3 Bf8 17. Bb5 Be7 18. Ba4 Ka8 19. b4 Rc8 20. Bxc6 Qxc6 21. b5 Qc7 22. a4 c4 23. Ra2 Kb8 24. O-O Rcg8 25. a5 Qd8 26. axb6 axb6 27. Rfa1 Kc7 28. Ra7 Qb8 29. Bf2 Re8 30. h5 gxh5 31. f5 Bg5 32. Ne1 Kd8 33. Nf1 Rhg8 34. Qxh5 Ke7 35. Bh4 Qc7 36. Qxh6 Bxh4 37. Qxh4+ Kf8 38. Ng3 Rb8 39. Qh6+ Ke8 40. fxe6 Rxg3 41. exf7+ Kxf7 42. Qf4+ Ke7 43. Qh4+ Kf7 44. Qxg3 Rg8 45. e6+ 1-0

[Event "Balaton Open"]
[Site "?"]
[Date "2001.09.04"]
[Round "3"]
[White "Francsics Endre"]
[Black "Szabo Zsolt"]
[Result "0-1"]
[WhiteElo "2243"]
[BlackElo "2364"]
[PlyCount "72"]
[EventDate "2001.??.??"]
[Source "www.chesslib.no"]
[SourceDate "2004.05.04"]

1. d3 g6 2. g3 Bg7 3. Bg2 e5 4. e4 Ne7 5. Ne2 O-O 6. O-O d6 7. Be3 c5 8. Na3 Nbc6 9. c3 Bg4 10. f3 Be6 11. f4 Qd7 12. d4 exd4 13. cxd4 Bg4 14. Bf3 Bxf3 15. Rxf3 Qe6 16. Nc2 Qxe4 17. Nc3 Qf5 18. Rf2 Rad8 19. Rd2 Rfe8 20. Bf2 a5 21. a3 cxd4 22. Ne2 Qe4 23. Nexd4 Nf5 24. Nxf5 Qxf5 25. Ne3 Qe4 26. Nd5 h5 27. Rc1 Qf5 28. Qb3 Rd7 29. Rcd1 Qg4 30. a4 h4 31. Nb6 Rde7 32. Nc4 h3 33. Nxd6 Nd4 34. Qd5 Nf3+ 35. Kh1 Nxd2 36. Qxd2 Qf3+ 0-1

[Event "Open, Fajr IRI"]
[Site "?"]
[Date "2001.??.??"]
[Round "6"]
[White "Hamad, A."]
[Black "Mallahi, A."]
[Result "0-1"]
[WhiteElo "2225"]
[BlackElo "2380"]
[PlyCount "81"]
[EventDate "2001.??.??"]
[Source "www.chesslib.no"]
[SourceDate "2004.05.04"]

1. d3 c5 2. g3 g6 3. Bg2 Bg7 4. e4 Nc6 5. Nd2 e5 6. Nc4 d6 7. a4 Nge7 8. Ne2 O-O 9. O-O f5 10. f4 Be6 11. Ne3 Kh8 12. Nc3 exf4 13. gxf4 Bg8 14. Ncd5 Nxd5 15. Nxd5 Ne7 16. c3 Nxd5 17. exd5 Re8 18. Qc2 Qh4 19. Qf2 Qe7 20. Bd2 Bf6 21. Be1 Rab8 22. Qd2 b5 23. axb5 Rxb5 24. Bf2 Qe2 25. Qxe2 Rxe2 26. b4 cxb4 27. c4 Rb7 28. Ra6 b3 29. Rxd6 Bg7 30. Rd8 b2 31. Rb1 Rc2 32. Be3 Re7 33. d6 Rxe3 34. Bd5 h5 35. Rxg8+ Kh7 36. Rxg7+ Kxg7 37. d7 Ree2 38. Rf1 Rf2 39. Rb1 Rfd2 40. Rf1 Rc1 41. Bg2 0-1

[Event "It (Open)"]
[Site "?"]
[Date "2006.01.05"]
[Round "4"]
[White "Saric Ivan"]
[Black "Dabo-Peranic Robert"]
[Result "1-0"]
[WhiteElo "2339"]
[BlackElo "2262"]
[PlyCount "69"]
[EventDate "2006.??.??"]
[Source "www.chesslib.no"]
[SourceDate "2004.05.04"]

1. d3 e5 2. Nf3 Nc6 3. g3 d5 4. Bg2 g6 5. O-O Bg7 6. e4 Nge7 7. exd5 Nxd5 8. Nc3 Nxc3 9. bxc3 O-O 10. Rb1 Rb8 11. Re1 h6 12. c4 Re8 13. Bb2 Bf5 14. Nh4 Bd7 15. Bd5 Qg5 16. Qf3 Nd8 17. Bc1 Qg4 18. Qxg4 Bxg4 19. Bb2 g5 20. Bf3 Bd7 21. Ng2 f5 22. Ne3 g4 23. Bh1 Nf7 24. f4 b6 25. Nd5 c6 26. Nc7 h5 27. Nxe8 Rxe8 28. Re2 Rf8 29. fxe5 Ng5 30. e6 Be8 31. Bxg7 Kxg7 32. Bg2 h4 33. gxh4 Nh7 34. h3 f4 35. Re4 1-0

[Event "POR-chT"]
[Site "?"]
[Date "2002.08.17"]
[Round "7.1"]
[White "Leonardo Joao"]
[Black "Frois Antonio"]
[Result "1/2-1/2"]
[WhiteElo "2237"]
[BlackElo "2362"]
[PlyCount "32"]
[EventDate "2002.??.??"]
[Source "www.chesslib.no"]
[SourceDate "2004.05.04"]

1. d3 c5 2. g3 Nc6 3. Bg2 g6 4. e4 Bg7 5. Ne2 d6 6. O-O e5 7. c3 Nge7 8. Be3 O-O 9. d4 cxd4 10. cxd4 d5 11. Nbc3 Bg4 12. f3 dxe4 13. fxg4 exd4 14. Nxd4 Bxd4 15. Bxd4 Qxd4+ 16. Qxd4 Nxd4 1/2-1/2

[Event "BL2-Ost 9900"]
[Site "Germany"]
[Date "1999.12.12"]
[Round "3.6"]
[White "Dutschak, Hauke"]
[Black "Luft, Andreas"]
[Result "1-0"]
[WhiteElo "2280"]
[BlackElo "2315"]
[PlyCount "65"]
[EventDate "1999.10.??"]
[Source "ChessBase"]
[SourceDate "2000.03.10"]

1. d3 c5 2. g3 Nc6 3. Bg2 g6 4. e4 Bg7 5. c3 d6 6. Ne2 e5 7. O-O Nge7 8. Be3 O-O 9. d4 cxd4 10. cxd4 exd4 11. Nxd4 d5 12. exd5 Nxd5 13. Nxc6 bxc6 14. Bd4 Bxd4 15. Qxd4 Qb6 16. Qd2 Rb8 17. b3 Ba6 18. Re1 Rbd8 19. Nc3 Nb4 20. Qh6 Nd3 21. Ne4 f6 22. Re3 Qc7 23. h3 Bc8 24. Bf1 Nb4 25. Bc4+ Kh8 26. Rc1 Bf5 27. Nc5 Rfe8 28. Rce1 Rxe3 29. Rxe3 Nc2 30. Ne6 Bxe6 31. Rxe6 Qd7 32. Rxf6 Qe7 33. Rf7 1-0

[Event "Badalona"]
[Site "?"]
[Date "1997.??.??"]
[Round "?"]
[White "Fernandez Diaz Mascort Miguel"]
[Black "Vidarte Morales Arturo"]
[Result "0-1"]
[WhiteElo "2225"]
[BlackElo "2370"]
[PlyCount "66"]
[EventDate "1997.??.??"]
[Source "www.chesslib.no"]
[SourceDate "2004.05.04"]

1. d3 c5 2. g3 Nc6 3. Bg2 g6 4. e4 Bg7 5. Ne2 h5 6. c3 h4 7. d4 h3 8. Bf3 cxd4 9. cxd4 Qb6 10. Nbc3 Nxd4 11. Nxd4 Qxd4 12. Be3 Qxd1+ 13. Rxd1 Bxc3+ 14. bxc3 d6 15. O-O Nh6 16. Rb1 f6 17. e5 fxe5 18. Bxb7 Bxb7 19. Rxb7 Nf5 20. Bxa7 Kf7 21. f4 e4 22. Re1 d5 23. Reb1 Nd6 24. Rb8 Rhxb8 25. Bxb8 Nc4 26. g4 Rxa2 27. f5 Rg2+ 28. Kh1 gxf5 29. gxf5 Kf6 30. Ba7 Ra2 31. Bc5 Nd2 32. Rb6+ Kxf5 33. c4 Ra1+ 0-1